000 00813nam a22002657a 4500
001 BR9104021
003 BR-BrBNA
005 20230928093632.0
007 ta
008 230509b bl.||||| |||| 00| 0 por d
040 _aBR-BrBNA
_bpor
_cBiblioteca Nacional de Agricultura
041 _a(Por)
072 _aL01
_b5250
090 _ 5250 BR9104021
100 1 _aPinto, A.F.C.
110 1 _aEmpresa Brasileira de Pesquisa Agropecuaria, Brasilia, DF (Brasil). Depto. de Informacao e Documentacao;
110 1 _aCentro Nacional de Pesquisa de Caprinos, Sobral, CE (Brasil)
_91759
245 1 _aBibliografia brasileira de caprinos
260 3 _aBrasilia, DF (Brasil):
_c1989.
300 _a168 p.
650 _aCAPRINO
650 _aPRODUCAO ANIMAL
909 _a202309
_bLucia
_c55
_dLucia Elande
942 _cBK
999 _c46156
_d46156